| 000 | 00699nam a2200229Ia 4500 | ||
|---|---|---|---|
| 005 | 20250425162453.0 | ||
| 008 | 250425s9999 xx 000 0 und d | ||
| 020 | _a9788497255974 | ||
| 041 | _aspa | ||
| 082 | _a333.7913 | ||
| 100 | _aLÓPEZ GORDO, JOSÉ FRANCISCO | ||
| 245 | 0 | _aMEDIO AMBIENTE COMUNITARIO Y PROTOCOLO DE KIOTO: LA ARMONIZACIÓN DE LA IMPOSICIÓN ENERGETICA O UN MERCADO SOBRE EMISIONES DE GASES DE EFECTO INVERNADERO | |
| 250 | _a11A ED. | ||
| 260 |
_aEspaña _bWOLTERS KLUWER ESPAÑA S. A. _c2008 |
||
| 260 |
_aMADRID _bLA LEY |
||
| 300 | _a596 | ||
| 650 | _aCAMBIO CLIMATICO | ||
| 650 | _aCOMPETITIVIDAD | ||
| 650 | _aLEGISLACION | ||
| 942 | _c01 | ||
| 010 | _a76434 | ||
| 999 |
_c229920 _d229920 |
||